000 00459nam a2200169Ia 4500
008 230917s9999||||xx |||||||||||||| ||und||
020 _cUSD90
040 _e221839
_aMAIN
041 _aEnglish
082 _a362.716 D853H(2)
100 _aDubois, David L, ed.
245 0 _aHandbook of youth mentoring
260 _aLos Angeles
_bSage Publications
_c2014
300 _axiii, 581 p.
500 _a1766 05/01/2015 KB440 16/01/2015 Main Budget
942 _cBK
999 _c13196
_d13196